[Event "NRW Class1 1415"]
[Site "Germany"]
[Date "2015.03.22"]
[Round "8.3"]
[White "Kaufeld, Juergen"]
[Black "Kurr, Gerd"]
[Result "1-0"]
[WhiteElo "2227"]
[BlackElo "2190"]
[PlyCount "63"]
[EventDate "2014.09.14"]
[EventType "team-tourn"]
[EventRounds "9"]
[EventCountry "GER"]
[SourceTitle "EXT 2017"]
[Source "ChessBase"]
[SourceDate "2016.10.25"]
[SourceVersion "1"]
[SourceVersionDate "2016.10.25"]
[SourceQuality "1"]
[WhiteTeam "Oberhausen"]
[BlackTeam "Elberfeld"]
[WhiteTeamCountry "GER"]
[BlackTeamCountry "GER"]

1. e4 c6 2. d4 d5 3. e5 Bf5 4. h4 h6 5. g4 Bd7 6. Nc3 e6 7. Be3 Ne7 8. h5 c5 9. dxc5 Nec6 10. Nf3 Qa5 11. a3 Bxc5 12. b4 Nxb4 13. axb4 Qxb4 14. Qd2 Bxe3 15. Qxe3 Nc6 16. Rb1 Qa5 17. Qd2 0-0 18. Rxb7 Rfd8 19. Bd3 d4 20. Ne4 Qa1+ 21. Qd1 Qa5+ 22. Kf1 Nxe5 23. g5 Bc6 24. Rb1 Nxd3 25. cxd3 Bxe4 26. dxe4 hxg5 27. h6 gxh6 28. Rxh6 g4 29. Nh2 Kg7 30. Nxg4 Rh8 31. Qxd4+ e5 32. Qd6 1-0

[Event "NRW Class1 0910"]
[Site "Germany"]
[Date "2009.09.20"]
[Round "1.4"]
[White "Wilde, Pierre"]
[Black "Kurr, Gerd"]
[Result "1-0"]
[WhiteElo "2218"]
[BlackElo "2243"]
[PlyCount "77"]
[EventDate "2009.09.20"]
[EventType "team-tourn"]
[EventRounds "9"]
[EventCountry "GER"]
[SourceTitle "EXT 2011"]
[Source "ChessBase"]
[SourceDate "2010.11.26"]
[SourceVersion "1"]
[SourceVersionDate "2010.11.26"]
[SourceQuality "1"]
[WhiteTeam "Neuenkirchen"]
[BlackTeam "Elberfeld"]
[WhiteTeamCountry "GER"]
[BlackTeamCountry "GER"]

1. c4 Nf6 2. g3 c5 3. Bg2 g6 4. Nc3 Bg7 5. a3 Nc6 6. Rb1 0-0 7. b4 cxb4 8. axb4 d6 9. Nf3 e5 10. 0-0 Bf5 11. d3 Qd7 12. Bg5 Bh3 13. b5 Ne7 14. Bxf6 Bxf6 15. Ne4 Bg7 16. Bxh3 Qxh3 17. Nxd6 b6 18. Qb3 h6 19. c5 bxc5 20. Rbc1 Rad8 21. Nb7 Rb8 22. Nxc5 g5 23. Na6 Rb6 24. Rc7 Nf5 25. Qd5 g4 26. Nxe5 Rxb5 27. Nc5 Qh5 28. Nc6 Kh8 29. e4 Nxg3 30. fxg3 Qxd5 31. exd5 Rxc5 32. d6 Rd5 33. d7 Rxd3 34. Kf2 Bf6 35. Ke2 Rd6 36. Rxf6 Rxf6 37. Rc8 Re6+ 38. Kf2 Rf6+ 39. Kg2 1-0

[Event "NRW Class1 0708"]
[Site "Germany"]
[Date "2008.04.27"]
[Round "9.4"]
[White "Lehmann, Holger"]
[Black "Kurr, Gerd"]
[Result "0-1"]
[WhiteElo "2239"]
[BlackElo "2219"]
[PlyCount "170"]
[EventDate "2007.09.16"]
[EventType "team"]
[EventRounds "9"]
[EventCountry "GER"]
[SourceTitle "EXT 2009"]
[Source "ChessBase"]
[SourceDate "2008.11.26"]
[SourceVersion "1"]
[SourceVersionDate "2008.11.26"]
[SourceQuality "1"]
[WhiteTeam "Wattenscheid II"]
[BlackTeam "Elberfeld"]
[WhiteTeamCountry "GER"]
[BlackTeamCountry "GER"]

1. c4 Nf6 2. Nc3 c5 3. g3 g6 4. Bg2 Bg7 5. e4 Nc6 6. Nge2 0-0 7. 0-0 d6 8. h3 Rb8 9. f4 a6 10. d3 Bd7 11. Be3 b5 12. Rb1 Ne8 13. f5 Nd4 14. g4 e6 15. fxg6 hxg6 16. Qd2 Qa5 17. Ng3 bxc4 18. dxc4 Nc6 19. Bh6 Ne5 20. Bxg7 Kxg7 21. b3 Bc6 22. Rbc1 Qd8 23. Rcd1 a5 24. Nce2 a4 25. Qc3 axb3 26. axb3 Qe7 27. Nc1 Qg5 28. Qd2 Qxd2 29. Rxd2 f6 30. Nh1 Rf7 31. Nf2 g5 32. Nfd3 Ng6 33. Ra2 Rb6 34. Rd1 Rc7 35. Rdd2 Kf7 36. Ra3 Ke7 37. Rda2 Kd7 38. Rd2 Kc8 39. Kh2 e5 40. Ne1 Nf4 41. Ne2 Nxe2 42. Rxe2 Rcb7 43. Re3 Ng7 44. Bf3 Ne6 45. Bd1 Rb8 46. Ra7 R6b7 47. Ra3 Kc7 48. Nd3 Nd4 49. Nf2 Rb6 50. Ra7+ Bb7 51. Kg3 Ra6 52. Rxa6 Bxa6 53. h4 gxh4+ 54. Kxh4 Rh8+ 55. Kg3 Bb7 56. Rd3 Ne6 57. Bf3 Bc6 58. Rd1 Nd4 59. Rd3 Be8 60. Bd1 Bg6 61. Rd2 Ra8 62. Rb2 Ra3 63. g5 f5 64. exf5 Nxf5+ 65. Kh2 Nd4 66. Nh1 Ne6 67. Rf2 Nf4 68. Ng3 Kd8 69. Rd2 Ke7 70. Kg1 Nh3+ 71. Kh2 Nxg5 72. Nf1 Be4 73. Ne3 Rxb3 74. Bxb3 Nf3+ 75. Kg3 Nxd2 76. Ba4 Ke6 77. Bb5 Bd3 78. Kh4 e4 79. Kg4 Ke5 80. Kg5 Nf3+ 81. Kg6 Kd4 82. Nf5+ Kc3 83. Nxd6 e3+ 84. Kf6 e2 85. Bc6 Nd4 0-1

[Event "NRW Class2 0506"]
[Site "Germany"]
[Date "2005.11.06"]
[Round "3.3"]
[White "Lauzeningks, Jan"]
[Black "Kurr, Gerd"]
[Result "1/2-1/2"]
[WhiteElo "2300"]
[BlackElo "2216"]
[PlyCount "81"]
[EventDate "2005.09.25"]
[EventType "team"]
[EventRounds "9"]
[EventCountry "GER"]
[SourceTitle "EXT 2006"]
[Source "ChessBase"]
[SourceDate "2005.11.24"]
[SourceVersion "1"]
[SourceVersionDate "2005.11.24"]
[SourceQuality "1"]
[WhiteTeam "Wattenscheid II"]
[BlackTeam "Elberfeld"]
[WhiteTeamCountry "GER"]
[BlackTeamCountry "GER"]

1. e4 c6 2. d3 d5 3. Nd2 Nf6 4. Ngf3 Bg4 5. h3 Bxf3 6. Qxf3 Nbd7 7. exd5 cxd5 8. d4 e6 9. Bd3 Qb6 10. c3 Bd6 11. Qe2 0-0 12. Nf3 e5 13. dxe5 Nxe5 14. Nxe5 Bxe5 15. Be3 d4 16. cxd4 Bxd4 17. Bxd4 Qxd4 18. 0-0-0 Qf4+ 19. Qd2 Rac8+ 20. Kb1 Qxd2 21. Rxd2 Rfd8 22. Rhd1 Kf8 23. Be2 Rxd2 24. Rxd2 Ke7 25. Bf3 b6 26. Rc2 Rxc2 27. Kxc2 Kd6 28. Kc3 Nd5+ 29. Kd4 Nc7 30. h4 a5 31. a4 Ne6+ 32. Kc4 Nc5 33. b3 f6 34. Bd1 h6 35. Bc2 g5 36. hxg5 hxg5 37. Bf5 Ke5 38. g4 Kd6 39. Kb5 Kc7 40. b4 axb4 41. Kxb4 1/2-1/2

[Event "NRW Class1 0405"]
[Site "Germany"]
[Date "2005.04.24"]
[Round "9.4"]
[White "Kurr, Gerd"]
[Black "Willenborg, Ralph"]
[Result "1/2-1/2"]
[WhiteElo "2217"]
[BlackElo "2178"]
[PlyCount "42"]
[EventDate "2004.10.10"]
[EventType "team"]
[EventRounds "9"]
[EventCountry "GER"]
[SourceTitle "EXT 2006"]
[Source "ChessBase"]
[SourceDate "2005.11.24"]
[SourceVersion "1"]
[SourceVersionDate "2005.11.24"]
[SourceQuality "1"]
[WhiteTeam "Elberfeld"]
[BlackTeam "Gerresheim II"]
[WhiteTeamCountry "GER"]
[BlackTeamCountry "GER"]

1. d4 d5 2. Nf3 Nf6 3. c4 c6 4. cxd5 cxd5 5. Nc3 Nc6 6. Bf4 Bf5 7. e3 e6 8. Bb5 Nd7 9. Qa4 Qb6 10. Nh4 Be4 11. f3 Bg6 12. Nxg6 hxg6 13. e4 Bb4 14. Bxc6 bxc6 15. a3 Bxc3+ 16. bxc3 0-0 17. exd5 Qb2 18. 0-0 Nb6 19. Qb4 Qxb4 20. cxb4 cxd5 21. a4 Rfc8 1/2-1/2

[Event "Oberliga NRW 0304"]
[Site "Germany"]
[Date "2004.02.08"]
[Round "6.3"]
[White "Sonntag, Hans Hubert"]
[Black "Kurr, Gerd"]
[Result "1/2-1/2"]
[WhiteElo "2383"]
[BlackElo "2229"]
[PlyCount "84"]
[EventDate "2003.09.28"]
[EventType "team-tourn"]
[EventRounds "9"]
[EventCountry "GER"]
[SourceTitle "CBM 098 Extra"]
[Source "ChessBase"]
[SourceDate "2004.03.10"]
[SourceVersion "2"]
[SourceVersionDate "2004.03.10"]
[SourceQuality "1"]
[WhiteTeam "Aachen"]
[BlackTeam "Elberfeld"]
[WhiteTeamCountry "GER"]
[BlackTeamCountry "GER"]

1. d4 Nf6 2. c4 c5 3. d5 b5 4. cxb5 a6 5. b6 Qxb6 6. Nc3 g6 7. e4 d6 8. a4 Bg7 9. a5 Qc7 10. Bc4 0-0 11. h3 e6 12. Nf3 exd5 13. Nxd5 Nxd5 14. Bxd5 Bb7 15. 0-0 Bxd5 16. Qxd5 Nc6 17. Bf4 Ne5 18. Nxe5 Bxe5 19. Bxe5 dxe5 20. Rfc1 Rac8 21. Ra3 Rfd8 22. Qc4 Qa7 23. Rd3 Rxd3 24. Qxd3 Qb7 25. b3 Qb5 26. Qc3 Re8 27. Rd1 Qe2 28. Rd5 Qxe4 29. Rxc5 Qe2 30. b4 e4 31. Rc8 Qd1+ 32. Kh2 Qd6+ 33. g3 Rxc8 34. Qxc8+ Kg7 35. Qc3+ Kf8 36. Qc4 Qd3 37. Qc5+ Kg8 38. h4 h5 39. b5 e3 40. Qxe3 Qxb5 41. Qb6 Qc4 42. Kg1 Qd3 1/2-1/2

[Event "Oberliga NRW 0203 I"]
[Site "Germany"]
[Date "2003.03.23"]
[Round "7.7"]
[White "Hemmann, Arnold"]
[Black "Kurr, Gerd"]
[Result "0-1"]
[WhiteElo "2215"]
[BlackElo "2224"]
[PlyCount "64"]
[EventDate "2002.10.06"]
[EventType "team"]
[EventRounds "9"]
[EventCountry "GER"]
[SourceTitle "EXT 2004"]
[Source "ChessBase"]
[SourceDate "2003.11.25"]
[SourceVersion "1"]
[SourceVersionDate "2003.11.25"]
[SourceQuality "1"]
[WhiteTeam "Godesberg II"]
[BlackTeam "Elberfeld"]
[WhiteTeamCountry "GER"]
[BlackTeamCountry "GER"]

1. e4 c5 2. b3 Nc6 3. Bb2 Nf6 4. e5 Nd5 5. Nf3 e6 6. Nc3 Be7 7. Bb5 Nf4 8. 0-0 f5 9. Ne2 Ng6 10. d4 cxd4 11. Nexd4 Qc7 12. Nxc6 bxc6 13. Bc4 Bb7 14. Qe2 Nf4 15. Qd2 g5 16. Rfd1 c5 17. Ne1 Qb6 18. f3 0-0-0 19. a4 a6 20. Bf1 Rhg8 21. Ba3 g4 22. Qxf4 Bg5 23. Qc4 Be3+ 24. Kh1 gxf3 25. g3 f4 26. Rd6 Qc7 27. Bc1 Bf2 28. Nd3 fxg3 29. hxg3 Bxg3 30. Nxc5 Rg4 31. Qxg4 f2+ 32. Nxb7 Qxb7+ 0-1

[Event "Oberliga NRW 0203 I"]
[Site "Germany"]
[Date "2002.10.06"]
[Round "1.7"]
[White "Kurr, Gerd"]
[Black "Himmel, Hansjoerg"]
[Result "1/2-1/2"]
[WhiteElo "2224"]
[BlackElo "2238"]
[PlyCount "91"]
[EventDate "2002.10.06"]
[EventType "team"]
[EventRounds "9"]
[EventCountry "GER"]
[SourceTitle "EXT 2004"]
[Source "ChessBase"]
[SourceDate "2003.11.25"]
[SourceVersion "1"]
[SourceVersionDate "2003.11.25"]
[SourceQuality "1"]
[WhiteTeam "Elberfeld"]
[BlackTeam "Dortmund Hansa"]
[WhiteTeamCountry "GER"]
[BlackTeamCountry "GER"]

1. d4 Nf6 2. Nf3 e6 3. Bg5 c5 4. e3 Be7 5. Nbd2 b6 6. c3 Bb7 7. Bd3 Nc6 8. 0-0 0-0 9. Rc1 cxd4 10. Nxd4 Nd5 11. Bxe7 Qxe7 12. a3 f5 13. N2f3 Nxd4 14. cxd4 Rf6 15. Qe2 a6 16. Rc2 Rh6 17. Rfc1 b5 18. g3 Rf8 19. Qd1 g5 20. Bf1 f4 21. e4 Nf6 22. Nxg5 Nxe4 23. Nxe4 Bxe4 24. Rc8 Bc6 25. Rxf8+ Qxf8 26. Rc3 fxg3 27. Rxg3+ Kh8 28. Bg2 Bxg2 29. Kxg2 Qf4 30. Qc2 Rf6 31. f3 Rf8 32. Qc3 Qf6 33. Qc5 Qf4 34. h4 d6 35. Qc7 Qxd4 36. b4 d5 37. Qd6 Qb2+ 38. Kh3 Qf6 39. Kg2 Qf5 40. Qxa6 d4 41. Qb7 Qe5 42. Qd7 Qe2+ 43. Kh3 Qf1+ 44. Kh2 Qf2+ 45. Kh3 Qf1+ 46. Kh2 1/2-1/2

[Event "Oberliga NRW 0102 I"]
[Site "Germany"]
[Date "2002.05.05"]
[Round "9.6"]
[White "Kurr, Gerd"]
[Black "Huelsmann, Josef"]
[Result "1/2-1/2"]
[WhiteElo "2249"]
[BlackElo "2255"]
[PlyCount "86"]
[EventDate "2001.10.??"]
[EventType "team"]
[EventRounds "9"]
[EventCountry "GER"]
[SourceTitle "EXT 2004"]
[Source "ChessBase"]
[SourceDate "2003.11.25"]
[SourceVersion "1"]
[SourceVersionDate "2003.11.25"]
[SourceQuality "1"]
[WhiteTeam "Elberfeld"]
[BlackTeam "Monheim"]
[WhiteTeamCountry "GER"]
[BlackTeamCountry "GER"]

1. d4 e6 2. c4 d5 3. Nc3 c6 4. cxd5 exd5 5. Nf3 Bd6 6. Qc2 Ne7 7. Bg5 f6 8. Bd2 0-0 9. e4 dxe4 10. Bc4+ Kh8 11. Nxe4 Bf5 12. 0-0 Nd5 13. Rfe1 Bg6 14. Nh4 Bf7 15. Nf5 Bc7 16. Nc5 Nd7 17. Ne6 Bxe6 18. Rxe6 N7b6 19. Bf1 Qd7 20. Rae1 Rae8 21. R6e4 Nc8 22. g3 g6 23. Ne3 Rxe4 24. Qxe4 f5 25. Qh4 Bd8 26. Qh3 Bf6 27. Bc3 Re8 28. Nxd5 cxd5 29. Qh6 Nd6 30. f3 Nf7 31. Rxe8+ Qxe8 32. Qd2 Ng5 33. Bg2 Qc6 34. Kf2 Kg7 35. a3 b6 36. Qd3 a5 37. Qa6 Ne6 38. Qd3 f4 39. Bh3 Ng5 40. Bf1 Ne6 41. Bh3 fxg3+ 42. hxg3 Nc7 43. Qe3 Nb5 1/2-1/2

[Event "Oberliga NRW 0102 I"]
[Site "Germany"]
[Date "2002.01.13"]
[Round "5.5"]
[White "Werbeck, Torsten"]
[Black "Kurr, Gerd"]
[Result "1/2-1/2"]
[WhiteElo "2256"]
[BlackElo "2249"]
[PlyCount "34"]
[EventDate "2001.10.??"]
[EventType "team"]
[EventRounds "9"]
[EventCountry "GER"]
[SourceTitle "EXT 2004"]
[Source "ChessBase"]
[SourceDate "2003.11.25"]
[SourceVersion "1"]
[SourceVersionDate "2003.11.25"]
[SourceQuality "1"]
[WhiteTeam "Krefeld"]
[BlackTeam "Elberfeld"]
[WhiteTeamCountry "GER"]
[BlackTeamCountry "GER"]

1. d4 Nf6 2. Nf3 g6 3. c4 Bg7 4. Nc3 0-0 5. e4 d6 6. Be2 Na6 7. 0-0 e5 8. dxe5 dxe5 9. Qxd8 Rxd8 10. Be3 Ng4 11. Bg5 f6 12. Bc1 c6 13. h3 Nh6 14. Be3 Be6 15. Rfd1 Rxd1+ 16. Rxd1 Nf7 17. c5 Nc7 1/2-1/2

[Event "Oberliga NRW 0102 I"]
[Site "Germany"]
[Date "2001.12.09"]
[Round "4.6"]
[White "Hunold, Rolf"]
[Black "Kurr, Gerd"]
[Result "1/2-1/2"]
[WhiteElo "2203"]
[BlackElo "2249"]
[PlyCount "88"]
[EventDate "2001.10.??"]
[EventType "team"]
[EventRounds "9"]
[EventCountry "GER"]
[SourceTitle "EXT 2004"]
[Source "ChessBase"]
[SourceDate "2003.11.25"]
[SourceVersion "1"]
[SourceVersionDate "2003.11.25"]
[SourceQuality "1"]
[WhiteTeam "Letmathe"]
[BlackTeam "Elberfeld"]
[WhiteTeamCountry "GER"]
[BlackTeamCountry "GER"]

1. e4 c6 2. d4 d5 3. Nd2 dxe4 4. Nxe4 Nf6 5. Nxf6+ exf6 6. Bc4 Be7 7. Ne2 0-0 8. Be3 Bd6 9. Qd2 Nd7 10. Bb3 a5 11. a3 Re8 12. 0-0 Nf8 13. Rfe1 a4 14. Ba2 Qc7 15. g3 Bf5 16. c4 Qd7 17. c5 Bc7 18. Nc3 Ba5 19. Bc4 Ne6 20. Qd1 Nc7 21. Nxa4 Bxe1 22. Nb6 Bxf2+ 23. Bxf2 Qd8 24. Nxa8 Qxa8 25. Qb3 Be6 26. a4 h5 27. a5 Qc8 28. Re1 Bxc4 29. Qxc4 Rxe1+ 30. Bxe1 Qe8 31. Bf2 Qe4 32. Qb3 Nb5 33. Qb4 f5 34. b3 g6 35. Qc4 f4 36. d5 Qb1+ 37. Kg2 fxg3 38. hxg3 Qa2 39. d6 Qxa5 40. Qh4 Nxd6 41. cxd6 Qd5+ 42. Kh2 Qxd6 43. b4 f6 44. Qe4 Kf7 1/2-1/2

[Event "Oberliga NRW 0102 I"]
[Site "Germany"]
[Date "2001.10.21"]
[Round "2.6"]
[White "Kurr, Gerd"]
[Black "Scho, Christian"]
[Result "1/2-1/2"]
[WhiteElo "2249"]
[BlackElo "2171"]
[PlyCount "126"]
[EventDate "2001.10.??"]
[EventType "team"]
[EventRounds "9"]
[EventCountry "GER"]
[SourceTitle "EXT 2004"]
[Source "ChessBase"]
[SourceDate "2003.11.25"]
[SourceVersion "1"]
[SourceVersionDate "2003.11.25"]
[SourceQuality "1"]
[WhiteTeam "Elberfeld"]
[BlackTeam "Gesch"]
[WhiteTeamCountry "GER"]
[BlackTeamCountry "GER"]

1. d4 d5 2. c4 c6 3. cxd5 cxd5 4. Nc3 e5 5. Nf3 e4 6. Ne5 f6 7. Qa4+ Nd7 8. Nxd7 Bxd7 9. Qb3 Bc6 10. Bf4 a5 11. a3 a4 12. Qa2 Ne7 13. e3 Qa5 14. Be2 Nf5 15. 0-0 Be7 16. Rac1 Rd8 17. Bg4 g6 18. Rfd1 h5 19. Bxf5 gxf5 20. h4 Kf7 21. Ne2 Rdg8 22. Rc3 Rg4 23. Bg3 Bf8 24. Kh2 Bh6 25. Rc5 Qd8 26. Nc3 f4 27. exf4 Bxf4 28. Nxd5 Rxh4+ 29. Kg1 Bxg3 30. fxg3 Rg4 31. Nf4+ Ke8 32. Rxh5 Rxh5 33. Qe6+ Qe7 34. Qxg4 Rg5 35. Qc8+ Kf7 36. d5 Bd7 37. Qc4 Qd6 38. Qxe4 Rxg3 39. Rf1 Rg7 40. Ne6 Bxe6 41. dxe6+ Qxe6 42. Qxb7+ Kg6 43. Qf3 Qb6+ 44. Rf2 Qd4 45. Qf5+ Kf7 46. Qf4 Rg4 47. Qxd4 Rxd4 48. Rf5 Rd1+ 49. Kh2 Rd2 50. Rb5 Kg6 51. Kh3 Rd3+ 52. g3 Rd2 53. Kh4 Rd4+ 54. Kh3 Rd2 55. Rb4 Rf2 56. Kg4 f5+ 57. Kh3 Kg5 58. Rxa4 Rxb2 59. Ra8 Ra2 60. a4 Ra3 61. a5 f4 62. a6 Kg6 63. a7 Kg7 1/2-1/2

[Event "Oberliga NRW 0001 I"]
[Site "NRW"]
[Date "2000.11.19"]
[Round "3.3"]
[White "Fridman, Rafael"]
[Black "Kurr, Gerd"]
[Result "1-0"]
[WhiteElo "2351"]
[BlackElo "2256"]
[PlyCount "115"]
[EventDate "2000.09.24"]
[EventType "team"]
[EventRounds "9"]
[EventCountry "GER"]
[SourceTitle "EXT 2006"]
[Source "ChessBase"]
[SourceDate "2005.11.24"]
[SourceVersion "1"]
[SourceVersionDate "2005.11.24"]
[SourceQuality "1"]
[WhiteTeam "Essen Borbeck"]
[BlackTeam "Elberfeld"]
[WhiteTeamCountry "GER"]
[BlackTeamCountry "GER"]

1. e4 c5 2. Nf3 g6 3. c3 Bg7 4. Bc4 d6 5. d4 cxd4 6. cxd4 Nf6 7. Nc3 0-0 8. Bb3 Nc6 9. h3 Na5 10. Bc2 d5 11. e5 Ne8 12. h4 Bg4 13. h5 Nc7 14. Ne2 Nc6 15. Nf4 Qd7 16. Be3 Ne6 17. Nxe6 Qxe6 18. Qd2 Bxf3 19. gxf3 Nxe5 20. dxe5 Qxe5 21. Kf1 Qxb2 22. Kg2 Rac8 23. Rac1 Rfd8 24. hxg6 hxg6 25. Bb3 Qxd2 26. Bxd2 e6 27. f4 Bb2 28. Rxc8 Rxc8 29. Kf3 Kg7 30. Ke2 b6 31. Kd3 Kf6 32. Rh7 Rc7 33. Ba4 a6 34. Be8 Re7 35. Ba4 Rc7 36. Rh8 b5 37. Bc2 Kg7 38. Ra8 Rc6 39. Bb3 Kf6 40. Ra7 Kg7 41. a4 bxa4 42. Bxa4 Bd4 43. Kxd4 Rc4+ 44. Kd3 Rxa4 45. Bc3+ Kf8 46. Bf6 Ke8 47. Re7+ Kd8 48. Rxe6+ Kd7 49. Re7+ Kd6 50. Re1 Kd7 51. Be5 Kc6 52. Rc1+ Kd7 53. Rc7+ Ke6 54. Rc6+ Ke7 55. Rb6 Ra2 56. Kd4 a5 57. Kxd5 Rxf2 58. Bd6+ 1-0

[Event "Oberliga NRW 9900 II"]
[Site "Germany"]
[Date "2000.02.09"]
[Round "5.6"]
[White "Kurr, Gerd"]
[Black "Muschik, Benedikt"]
[Result "0-1"]
[WhiteElo "2250"]
[BlackElo "2156"]
[PlyCount "104"]
[EventDate "1999.10.26"]
[EventType "team"]
[EventRounds "9"]
[EventCountry "GER"]
[SourceTitle "EXT 2001"]
[Source "ChessBase"]
[SourceDate "2000.11.22"]
[SourceVersion "1"]
[SourceVersionDate "2000.11.22"]
[SourceQuality "1"]
[WhiteTeam "Elberfeld"]
[BlackTeam "Muenster II"]
[WhiteTeamCountry "GER"]
[BlackTeamCountry "GER"]

1. d4 Nf6 2. Nf3 c5 3. g3 cxd4 4. Nxd4 e5 5. Nf3 Be7 6. Bg2 Nc6 7. c4 0-0 8. 0-0 d6 9. b3 d5 10. cxd5 Qxd5 11. Nc3 Qc5 12. Bb2 Rd8 13. Qc1 Bf5 14. Qg5 Bg6 15. Na4 Qb5 16. Nxe5 Nd5 17. Qg4 Nxe5 18. Bxe5 Ne3 19. fxe3 Qxe5 20. Qf4 Qa5 21. Bxb7 Rab8 22. Qf3 Qe5 23. Ba6 Bg5 24. Bd3 Bxe3+ 25. Kh1 f6 26. Bxg6 hxg6 27. Rad1 Rbc8 28. Qg4 Kh7 29. Rd3 Rxd3 30. exd3 Rc2 31. Re1 Qd5+ 32. Qe4 Qh5 33. Qh4 Qxh4 34. gxh4 Bf4 35. Re4 Rxh2+ 36. Kg1 Rxh4 37. Nc5 f5 38. Re8 g5 39. d4 Rh2 40. Ne6 Rxa2 41. d5 Rd2 42. Rd8 Kg6 43. Kf1 Bg3 44. Rd7 Kh5 45. Rxg7 Bh4 46. Rxa7 f4 47. Ra4 f3 48. Rd4 Rh2 49. Rxh4+ Kxh4 50. Nd4 Kg3 51. Nf5+ Kf4 52. Nd4 g4 0-1